00403nam a2200109Ia 4500008004100000245012100041260003500162260000900197300000800206650001300214856006600227170516s9999 xx 000 0 und d aApplication of Novel Drug Delivery System in Enhancing the Therapeutic Potential of Phytoconstituents Dilpreet Singh bAsian Journal of Pharmaceutics c2015 a9:4 xPharmacy uhttp://www.asiapharmaceutics.info/index.php/ajp/issue/view/58